000 00767cab a2200205 4500
001 WB3116-138
008 090401t1995 xxu||||| |||| 00| 0 eng d
035 _a(Sirsi) u11397
041 _aeng
245 _aTraffic noise to be costed
260 _c1995
350 _a0
490 _aDaily Telegraph
_v24 April 1995, 6(1)
520 _aThe Department of Transport are developing a model which would add noise into cost benefit analysis to decide whether a particular road scheme should proceed, and if so, how its impact should be assessed for those who live nearby.
650 _aPROPERTY-INFRASTRUCTURE-TRANSPORT INFRASTRUCTURE-ROAD INFRASTRUCTURE
650 _aTRAFFIC NOISE
690 _aTRANSPORT AND COMMUNICATIONS
942 _n0
948 _c04/03/1997
999 _c7261
_d7261